000 00539nam a2200193 a 4500
001 1777027203551
003 YourLibrary
005 20260424161208.0
008 260424s2008##################000#0#eng##
020 _a9780763740696
082 0 4 _a344.73041NIC
100 1 _aNicholson, Sheila K.,
_eauthor.
245 1 0 _aThe Physical Therapist's Business Practice and Legal Guide :
260 _bJones & Bartlett Learning,
_c2008.
300 _a420 pages
650 0 _aLaw.
942 _cENGLISH
040 _aYourLibrary
_beng
_cYourLibrary
999 _c619860
_d619860